|
|
|
|
| LEADER |
01038nam a2200265 a 4500 |
| 001 |
GR-MES13316 |
| 008 |
071008s gr 000 0 gre d |
| 020 |
|
|
|a 0672320681
|
| 040 |
|
|
|a GrPaTEI
|b gre
|c GR-PaULI
|
| 040 |
|
|
|a GrPaTEI
|b gre
|c GR-PaULI
|
| 082 |
|
0 |
|a 005.276
|2 21
|
| 100 |
1 |
|
|a Walther, Stephen
|
| 245 |
1 |
0 |
|a ASP.NET unleashed /
|c Stephen Walther.
|
| 260 |
|
|
|a Indianapolis, IN :
|b Sams Pub.,
|c c2002
|
| 300 |
|
|
|a xix, 1441σ. :
|b εικ. ;
|c 23εκ.
|
| 500 |
|
|
|a Περιλαμβάνει ευρετήριο.
|
| 650 |
|
0 |
|a Active server pages
|
| 650 |
|
0 |
|a Microsoft .NET
|
| 650 |
|
4 |
|a ΗΛΕΚΤΡΟΝΙΚΗ ΕΠΙΚΟΙΝΩΝΙΑ
|
| 650 |
|
4 |
|a ΙΣΤΟΣΕΛΙΔΕΣ
|x ΣΧΕΔΙΑΣΜΟΣ ΤΟΥΣ
|
| 650 |
1 |
0 |
|a web sites
|x Design
|
| 942 |
|
|
|2 ddc
|
| 952 |
|
|
|0 0
|1 0
|2 ddc
|4 0
|6 005_276000000000000_WAL
|7 0
|9 271828
|a MSLG
|b MSLG
|c BSC
|d 2021-01-17
|e 24
|f 0
|g 0.00
|l 0
|o 005.276 WAL
|p 2420000019069
|r 2021-01-17 00:00:00
|t 1
|w 2021-01-17
|y BK15
|x 20071008 0 ΓΑΒΡΙΝΑ 1
|x GrPaTEI
|
| 971 |
|
|
|a .b25793640
|b 15-04-20
|c 13-09-16
|
| 999 |
|
|
|c 157094
|d 157094
|